[Event "Leipzig VfB op 18th"]
[Site "Leipzig"]
[Date "2011.03.24"]
[Round "5"]
[White "Reinsdorf, Christin"]
[Black "Schmiedek, Jens"]
[Result "1/2-1/2"]
[WhiteElo "1706"]
[BlackElo "1800"]
[PlyCount "79"]
[EventDate "2011.03.20"]
[EventType "swiss"]
[EventRounds "9"]
[EventCountry "GER"]
[SourceTitle "CBM 141 Extra"]
[Source "ChessBase"]
[SourceDate "2011.05.03"]
[SourceVersion "1"]
[SourceVersionDate "2011.05.03"]
[SourceQuality "1"]

1. e4 c6 2. d4 d5 3. exd5 cxd5 4. Nc3 e6 5. Nf3 a6 6. Bd3 Nf6 7. 0-0 Nc6 8. Bg5 Be7 9. Re1 h6 10. Bf4 Bd6 11. Qd2 Qc7 12. Bxd6 Qxd6 13. Ne2 Nb4 14. Ne5 Nxd3 15. Qxd3 0-0 16. c3 Nd7 17. Nf3 e5 18. dxe5 Nxe5 19. Nxe5 Qxe5 20. Rad1 Be6 21. Nd4 Qf6 22. Nxe6 fxe6 23. f3 Rad8 24. Qd4 Kf7 25. Qe5 Qxe5 26. Rxe5 Kf6 27. f4 g5 28. Rde1 Rfe8 29. f5 d4 30. cxd4 Rxd4 31. Rxe6+ Rxe6 32. fxe6 Ke7 33. Re2 Rd6 34. Kf2 Rxe6 35. Rxe6+ Kxe6 36. Kf3 Kf5 37. g4+ Ke5 38. Ke3 Kd5 39. Kd3 Ke5 40. Ke3 1/2-1/2

[Event "Leipzig VfB op 16th"]
[Site "Leipzig"]
[Date "2009.04.04"]
[Round "8"]
[White "Spreer, Lutz"]
[Black "Schmiedek, Jens"]
[Result "1-0"]
[WhiteElo "1318"]
[BlackElo "1812"]
[PlyCount "91"]
[EventDate "2009.03.31"]
[EventType "swiss"]
[EventRounds "9"]
[EventCountry "GER"]
[SourceTitle "EXT 2010"]
[Source "ChessBase"]
[SourceDate "2010.11.25"]
[SourceVersion "1"]
[SourceVersionDate "2010.11.25"]
[SourceQuality "1"]

1. e4 c6 2. d4 d5 3. Nc3 dxe4 4. Nxe4 Nf6 5. Nxf6+ exf6 6. Nf3 Bd6 7. Bc4 0-0 8. Be3 Qc7 9. Qd2 Nd7 10. 0-0-0 Nb6 11. Bb3 Be6 12. Bxe6 fxe6 13. h4 Nd5 14. g3 Rad8 15. h5 e5 16. h6 g6 17. dxe5 Bxe5 18. Nxe5 Qxe5 19. Bc5 Rfe8 20. Rhe1 Qf5 21. c4 b6 22. Ba3 Kf7 23. g4 Qxg4 24. cxd5 Qc4+ 25. Qc2 Qxc2+ 26. Kxc2 Rxd5 27. Rxe8 Kxe8 28. Re1+ Re5 29. Rxe5+ fxe5 30. Kd3 Kf7 31. Ke4 Ke6 32. Bb4 c5 33. Bc3 b5 34. Bxe5 c4 35. Bc3 a6 36. Kd4 Kf5 37. Kc5 Kg5 38. Bd2+ Kh5 39. f4 Kxh6 40. f5+ Kg7 41. fxg6 Kxg6 42. Kb6 h5 43. Kxa6 h4 44. Kxb5 Kf5 45. Ba5 c3 46. bxc3 1-0

[Event "Leipzig VfB op 14th"]
[Site "Leipzig"]
[Date "2007.03.20"]
[Round "1"]
[White "Schmiedek, Jens"]
[Black "Lubbe, Melanie"]
[Result "0-1"]
[WhiteElo "1816"]
[BlackElo "2194"]
[PlyCount "90"]
[EventDate "2007.03.20"]
[EventType "swiss"]
[EventRounds "9"]
[EventCountry "GER"]
[SourceTitle "EXT 2008"]
[Source "ChessBase"]
[SourceDate "2007.11.25"]
[SourceVersion "1"]
[SourceVersionDate "2007.11.25"]
[SourceQuality "1"]

1. e4 c5 2. Nf3 e6 3. Bc4 a6 4. d3 b5 5. Bb3 Bb7 6. a4 b4 7. Bg5 Be7 8. Bxe7 Nxe7 9. Nbd2 Nbc6 10. Nc4 d5 11. exd5 exd5 12. Nce5 Nxe5 13. Nxe5 Qd6 14. f4 f6 15. Ng4 Qxf4 16. Rf1 Qd6 17. Qe2 0-0-0 18. 0-0-0 Nc6 19. Ne3 Kb8 20. Qg4 g6 21. Qf4 Nd4 22. Qxf6 Rhe8 23. Qxd6+ Rxd6 24. Rde1 Rde6 25. Kd2 Nxb3+ 26. cxb3 d4 27. Ng4 Rxe1 28. Rxe1 Rxe1 29. Kxe1 Bxg2 30. Nf6 Kc7 31. Nxh7 Bd5 32. Nf8 Bf7 33. Kd2 Kd6 34. Kc2 Be8 35. Nh7 Bc6 36. Nf8 g5 37. Nh7 g4 38. Nf6 Bf3 39. Nh5 Ke5 40. Kd2 Bd5 41. Kc2 Kf5 42. a5 Kg5 43. Ng3 Kh4 44. Ne4 Bxe4 45. dxe4 Kg5 0-1

[Event "Leipzig VfB op 13th"]
[Site "Leipzig"]
[Date "2006.03.16"]
[Round "4"]
[White "Wolter, Uwe"]
[Black "Schmiedek, Jens"]
[Result "0-1"]
[WhiteElo "1371"]
[BlackElo "1633"]
[PlyCount "66"]
[EventDate "2006.03.14"]
[EventType "swiss"]
[EventRounds "9"]
[EventCountry "GER"]
[SourceTitle "EXT 2008"]
[Source "ChessBase"]
[SourceDate "2007.11.25"]
[SourceVersion "1"]
[SourceVersionDate "2007.11.25"]
[SourceQuality "1"]

1. c4 c6 2. Nc3 d5 3. cxd5 cxd5 4. d4 Nf6 5. Nf3 e6 6. Bg5 Be7 7. e3 0-0 8. Bd3 Nc6 9. a3 a6 10. 0-0 Re8 11. Qd2 h6 12. Bxf6 Bxf6 13. Ne2 e5 14. dxe5 Nxe5 15. Ned4 Nxf3+ 16. Nxf3 Bg4 17. Be2 Rc8 18. Rac1 Qd7 19. Rfd1 Rxc1 20. Rxc1 Rc8 21. h3 Rxc1+ 22. Qxc1 Bf5 23. Ne1 d4 24. Qd2 dxe3 25. Qxd7 exf2+ 26. Kxf2 Bxd7 27. b3 b5 28. Bd3 Bh4+ 29. g3 Be7 30. Nc2 Bxh3 31. Kf3 Be6 32. b4 Bf6 33. Be4 Bb3 0-1

[Event "Leipzig VfB op 12th"]
[Site "Leipzig"]
[Date "2005.03.04"]
[Round "6"]
[White "Schmiedek, Jens"]
[Black "Gentner, Markus"]
[Result "0-1"]
[WhiteElo "1486"]
[BlackElo "1963"]
[PlyCount "54"]
[EventDate "2005.01.03"]
[EventType "swiss"]
[EventRounds "9"]
[EventCountry "GER"]
[SourceTitle "EXT 2008"]
[Source "ChessBase"]
[SourceDate "2007.11.25"]
[SourceVersion "1"]
[SourceVersionDate "2007.11.25"]
[SourceQuality "1"]

1. e4 Nc6 2. Nf3 f5 3. Nc3 fxe4 4. Nxe4 d5 5. Ng3 e5 6. d4 e4 7. Ng1 Nf6 8. Be2 Be6 9. c3 Bd6 10. Nf1 Qe7 11. Ne3 h5 12. g4 hxg4 13. Bxg4 Nxg4 14. Nxg4 Qh4 15. Ne5 Bxe5 16. dxe5 Nxe5 17. Be3 Nd3+ 18. Kd2 Rf8 19. f3 Nxb2 20. Qe2 Nc4+ 21. Kc1 Qe7 22. Bd2 Qa3+ 23. Kd1 0-0-0 24. Ke1 Rde8 25. fxe4 Bd7 26. Qd3 Rxe4+ 27. Ne2 Rfe8 0-1

[Event "Leipzig VfB op 12th"]
[Site "Leipzig"]
[Date "2005.03.01"]
[Round "1"]
[White "Kreusch, Frank"]
[Black "Schmiedek, Jens"]
[Result "0-1"]
[WhiteElo "2036"]
[BlackElo "1486"]
[PlyCount "80"]
[EventDate "2005.01.03"]
[EventType "swiss"]
[EventRounds "9"]
[EventCountry "GER"]
[SourceTitle "EXT 2008"]
[Source "ChessBase"]
[SourceDate "2007.11.25"]
[SourceVersion "1"]
[SourceVersionDate "2007.11.25"]
[SourceQuality "1"]

1. e4 c6 2. Nc3 e6 3. d4 d5 4. e5 Nd7 5. f4 c5 6. Nf3 a6 7. Be3 cxd4 8. Nxd4 Bc5 9. Bd3 Qb6 10. Na4 Qb4+ 11. c3 Qa5 12. Nxc5 Nxc5 13. Bc2 Qc7 14. 0-0 Ne7 15. Qg4 g6 16. Rac1 0-0 17. Bf2 Nf5 18. Qg5 h6 19. Qg4 Ne4 20. Be1 Ne3 21. Qh3 Nxf1 22. Kxf1 Kg7 23. Bh4 Qc4+ 24. Kg1 Qxa2 25. Bxe4 dxe4 26. Bf6+ Kh7 27. Bg5 h5 28. g4 f6 29. exf6 e5 30. f5 Qf7 31. Kf2 exd4 32. cxd4 Kg8 33. Qg3 hxg4 34. Rc7 Bd7 35. Bh6 Qxf6 36. Bxf8 Qxf5+ 37. Ke1 Rxf8 38. Qb3+ Be6 39. Qxb7 Qf1+ 40. Kd2 Qd3+ 0-1

[Event "Leipzig VfB op 11th"]
[Site "Leipzig"]
[Date "2004.03.16"]
[Round "1"]
[White "Schmiedek, Jens"]
[Black "Lehmann, Lothar"]
[Result "0-1"]
[WhiteElo "1500"]
[BlackElo "2035"]
[PlyCount "84"]
[EventDate "2004.03.16"]
[EventType "swiss"]
[EventRounds "9"]
[EventCountry "GER"]
[SourceTitle "EXT 2007"]
[Source "ChessBase"]
[SourceDate "2006.11.23"]
[SourceVersion "1"]
[SourceVersionDate "2006.11.23"]
[SourceQuality "1"]

1. e4 c5 2. Nf3 Nc6 3. Bc4 d6 4. Nc3 Nf6 5. d3 e6 6. 0-0 Be7 7. Re1 0-0 8. Bg5 a6 9. Qd2 b5 10. Bb3 Qc7 11. h3 Bb7 12. Nd1 Na5 13. c4 bxc4 14. dxc4 Nxb3 15. axb3 Nxe4 16. Qf4 Nxg5 17. Nxg5 Rac8 18. Qg4 h6 19. Nxe6 fxe6 20. Rxe6 Rf6 21. Nc3 Qd7 22. Rae1 Rxe6 23. Rxe6 Rf8 24. Qe2 Bf6 25. Nd5 Bxd5 26. cxd5 Bd4 27. Qxa6 Rxf2 28. Kh1 Qf7 29. Qxd6 Rxb2 30. Re1 Qf2 31. Qe6+ Qf7 32. Qc8+ Kh7 33. Qg4 Qxd5 34. h4 h5 35. Qh3 Rxb3 36. Qc8 Rg3 37. Re2 Rg4 38. Kh2 Qd6+ 39. Kh1 Rxh4+ 40. Qh3 Rxh3+ 41. gxh3 Qg3 42. Rh2 Qg1# 0-1

[Event "Leipzig VfB op 09th"]
[Site "Leipzig"]
[Date "2002.03.08"]
[Round "6"]
[White "Natsidis, Christoph"]
[Black "Schmiedek, Jens"]
[Result "0-1"]
[WhiteElo "1416"]
[BlackElo "1456"]
[PlyCount "39"]
[EventDate "2002.03.05"]
[EventType "swiss"]
[EventRounds "9"]
[EventCountry "GER"]
[SourceTitle "EXT 2007"]
[Source "ChessBase"]
[SourceDate "2006.11.23"]
[SourceVersion "1"]
[SourceVersionDate "2006.11.23"]
[SourceQuality "1"]

1. e4 d6 2. d4 c6 3. f4 Nd7 4. Nf3 Qc7 5. c4 e5 6. d5 Ngf6 7. Nc3 Nc5 8. Qc2 Bg4 9. b4 Ncd7 10. h3 Bxf3 11. gxf3 exf4 12. Bxf4 Ne5 13. Bxe5 dxe5 14. c5 Bxc5 15. bxc5 Qa5 16. dxc6 bxc6 17. 0-0-0 Qxc5 18. Nb1 Qe3+ 19. Nd2 0-0 20. Qc3 0-1

[Event "Leipzig VfB op 09th"]
[Site "Leipzig"]
[Date "2002.03.06"]
[Round "2"]
[White "Ewald, Hans Juergen"]
[Black "Schmiedek, Jens"]
[Result "0-1"]
[WhiteElo "1658"]
[BlackElo "1456"]
[PlyCount "54"]
[EventDate "2002.03.05"]
[EventType "swiss"]
[EventRounds "9"]
[EventCountry "GER"]
[SourceTitle "EXT 2007"]
[Source "ChessBase"]
[SourceDate "2006.11.23"]
[SourceVersion "1"]
[SourceVersionDate "2006.11.23"]
[SourceQuality "1"]

1. e4 d6 2. Nf3 Nd7 3. g3 e5 4. Bg2 Ngf6 5. d3 h6 6. 0-0 Be7 7. Nbd2 g5 8. Nc4 Nb6 9. Ne3 c6 10. h4 Ng4 11. Nf5 Bxf5 12. exf5 Qd7 13. Nxg5 hxg5 14. Qxg4 gxh4 15. Qg7 0-0-0 16. Qxf7 Rdf8 17. Qb3 Qxf5 18. Be3 Kc7 19. a4 Qh5 20. Qe6 hxg3 21. Bxb6+ axb6 22. Bh3 Qxh3 23. Qxh3 Rxh3 24. Kg2 Rh7 25. Rh1 Rxh1 26. Rxh1 Rxf2+ 27. Kxg3 Rxc2 0-1